[Event "Finistere-chT 0102"]
[Site "Finistere"]
[Date "2002.01.26"]
[Round "4.18"]
[White "Morieux, Bruno"]
[Black "Coriou, Severine"]
[Result "0-1"]
[WhiteElo "1499"]
[BlackElo "1050"]
[PlyCount "80"]
[EventDate "2001.??.??"]
[EventType "team"]
[EventRounds "7"]
[EventCountry "FRA"]
[SourceTitle "EXT 2003"]
[Source "ChessBase"]
[SourceDate "2002.11.25"]
[SourceVersion "1"]
[SourceVersionDate "2002.11.25"]
[SourceQuality "1"]

1. e4 e5 2. Nf3 Nc6 3. Bc4 Qe7 4. 0-0 Nf6 5. d3 Na5 6. Na3 c6 7. Bd2 d5 8. Bxa5 dxc4 9. dxc4 Nxe4 10. Qe1 Bf5 11. Bc3 f6 12. Rd1 Qc7 13. Ba5 b6 14. Bc3 Bc5 15. h3 h5 16. Nh4 g6 17. Qe2 Ng3 18. Qe1 e4 19. Bxf6 0-0 20. Bd4 Qf4 21. Nxg6 Bxg6 22. fxg3 Qg5 23. h4 Qg4 24. c3 Rad8 25. b4 Bd6 26. c5 Bxg3 27. Bf2 Qxh4 28. Bxg3 Qg4 29. Nc4 Rxd1 30. Qxd1 Qxg3 31. Ne5 Qxe5 32. Qg4 hxg4 33. b5 cxb5 34. c6 g3 35. Rd1 Qc5+ 36. Kh1 Qxc6 37. Kg1 Qxc3 38. a3 Qc2 39. Re1 Qf2+ 40. Kh1 Qxe1# 0-1